| 000 | 01431cam a22003255i 4500 | ||
|---|---|---|---|
| 999 |
_c21928 _d21900 |
||
| 001 | 13877427 | ||
| 003 | EG-ScBUE | ||
| 005 | 20210111131805.0 | ||
| 008 | 050218s2008 nyua g 000 1 eng d | ||
| 020 | _a9780064407311 (pbk.) | ||
| 040 |
_aDLC _beng _erda _cDLC _dDLC _dEG-ScBUE |
||
| 082 | 0 | 4 |
_a813.54 _bMYE _222 |
| 100 | 1 |
_aMyers, Walter Dean, _d1937-2014, _eauthor. |
|
| 245 | 1 | 0 |
_aMonster / _cWalter Dean Myers ; illustrations by Christopher Myers. |
| 250 | _aRevised Harper Teen edition. | ||
| 264 | 1 |
_aNew York : _bAmistad / HarperTeen / HarperCollinsPublishers, _c2008. |
|
| 300 |
_a281, 28 pages : _billustrations ; _c18 cm |
||
| 336 |
_atext _btxt _2rdacontent |
||
| 337 |
_aunmediated _bn _2rdamedia |
||
| 338 |
_avolume _bnc _2rdacarrier |
||
| 520 | _aWhile on trial as an accomplice to a murder, sixteen-year-old Steve Harmon records his experiences in prison and in the courtroom in the form of a film script as he tries to come to terms with the course his life has taken. | ||
| 586 | _aMichael L. Printz Award, 2000; Coretta Scott King Award honor book; National Book Award finalist. | ||
| 650 | 7 |
_aTrials (Murder) _vJuvenile fiction. _2BUEsh _940267 |
|
| 650 | 7 |
_aPrisons _vJuvenile fiction. _2BUEsh _940268 |
|
| 650 | 7 |
_aSelf-perception _vJuvenile fiction. _2BUEsh _940269 |
|
| 651 | _2BUEsh | ||
| 653 |
_bHHUUEENN _cJune2016 _dBestSellers |
||
| 700 | 1 |
_aMyers, Christopher, _eillustrator. _940266 |
|
| 942 |
_2ddc _cBB |
||